000 00504nam a2200217Ia 4500
003 OSt
005 20221005123609.0
006 a|||||r|||| 00| 0
007 ta
008 221004b |||||||| |||| 00| 0 eng d
024 _a39623
037 _cTextual
040 _aCRL
_cCRL
_beng
041 _2eng
_aeng
082 _aO:3M85w, G3
245 0 _aLorenzo in Taos
260 _c1933
650 _aENGLISH LITERATURE
942 _hO:3M85w, G3
_cTEXL
_2cc
999 _c1047879
_d1047879